El libro diario de las tareas escolares (Record no. 72015)

MARC details
000 -CABECERA
campo de control de longitud fija 00484nam a2200181 a 4500
005 - FECHA Y HORA DE LA ÚLTIMA TRANSACCIÓN
campo de control 20210219153240.0
008 - ELEMENTOS DE LONGITUD FIJA--INFORMACIÓN GENERAL
campo de control de longitud fija 991125n 000 0 spa u
035 ## - NÚMERO DE CONTROL DEL SISTEMA
Número de control de sistema UPN01000085675
100 ## - ASIENTO PRINCIPAL--NOMBRE PERSONAL
Nombre de persona BARRANCO, Manuel
222 ## - TÍTULO CLAVE
Título clave EDUCACION :
Información calificativa REVISTA MENSUAL
245 ## - MENCIÓN DE TÍTULO
Título El libro diario de las tareas escolares
300 ## - DESCRIPCIÓN FÍSICA
Extensión 257-262
362 ## - FECHAS DE PUBLICACIÓN Y/O DESIGNACIÓN SECUENCIAL
Fecha de publicación y/o designación secuencial 1923 Vol. 2, no. 5, sep.
653 0# - TERMINO DE INDIZACION - NO CONTROLADO
Término no controlado EDUCACION PRIMARIA
653 0# - TERMINO DE INDIZACION - NO CONTROLADO
Término no controlado TAREA ESCOLAR
904 ## - ELEMENTOS DE DATOS D LOCAL, LDD (RLIN)
a AC
b 023486
905 ## - TIPO DE MATERIAL
Tipo de material Articulo

No items available.